[Event "RUS-chT2"]
[Site "Sochi"]
[Date "2004.04.21"]
[Round "2.2"]
[White "Roppel, Konstantin"]
[Black "Petrushin, Alexander I"]
[Result "0-1"]
[WhiteElo "2303"]
[BlackElo "2487"]
[PlyCount "116"]
[EventDate "2004.04.20"]
[EventType "team"]
[EventRounds "9"]
[EventCountry "RUS"]
[SourceTitle "CBM 100 Extra"]
[Source "ChessBase"]
[SourceDate "2004.07.06"]
[SourceVersion "2"]
[SourceVersionDate "2004.07.06"]
[SourceQuality "1"]
[WhiteTeam "13"]
[BlackTeam "09"]
[WhiteTeamCountry "RUS"]
[BlackTeamCountry "RUS"]

1. d4 g6 2. Nf3 Bg7 3. Bf4 d6 4. e3 Nd7 5. Bc4 e6 6. Nbd2 Ngf6 7. h3 0-0 8. 0-0 Qe7 9. Qe2 e5 10. dxe5 dxe5 11. Bh2 Ne8 12. c3 Nd6 13. Bb3 Nc5 14. Nc4 Nxb3 15. axb3 Nxc4 16. bxc4 f6 17. Rfd1 Be6 18. Ne1 a6 19. Nc2 Rfd8 20. e4 Bh6 21. Kh1 Rxd1+ 22. Rxd1 Rd8 23. Rxd8+ Qxd8 24. f4 exf4 25. Nd4 Bf7 26. c5 Qe7 27. c6 bxc6 28. Nxc6 Qe8 29. Nd4 c5 30. Nf3 a5 31. Bg1 Bf8 32. Qd3 a4 33. h4 Qb8 34. Qd2 h6 35. Qe2 Bd6 36. Nh2 Kg7 37. Nf3 g5 38. hxg5 hxg5 39. Bf2 Bg6 40. e5 Bxe5 41. Bxc5 Qh8+ 42. Kg1 Qc8 43. Bd4 Bxd4+ 44. Nxd4 Qc5 45. Qa6 Be8 46. Qb7+ Bf7 47. Qa6 Qe5 48. Qxa4 Bd5 49. Qd1 Qe3+ 50. Kf1 Bc4+ 51. Ne2 Kg6 52. Ke1 Qe4 53. Qd2 g4 54. Kd1 Bxe2+ 55. Qxe2 Qb1+ 56. Kd2 Qxb2+ 57. Kd1 Qxe2+ 58. Kxe2 Kf5 0-1

[Event "RUS-chT 10th Group1"]
[Site "Togliatti"]
[Date "2003.05.21"]
[Round "6"]
[White "Roppel, Konstantin"]
[Black "Tseshkovsky, Vitaly"]
[Result "0-1"]
[WhiteElo "2287"]
[BlackElo "2564"]
[PlyCount "112"]
[EventDate "2003.05.16"]
[EventType "team-tourn"]
[EventRounds "6"]
[EventCountry "RUS"]
[SourceTitle "EXT 2020"]
[Source "ChessBase"]
[SourceDate "2019.10.17"]
[SourceVersion "1"]
[SourceVersionDate "2019.10.17"]
[SourceQuality "1"]
[WhiteTeam "Chita Zabaikalets"]
[BlackTeam "Sverdlovsk Ural region"]
[WhiteTeamCountry "RUS"]
[BlackTeamCountry "RUS"]

1. d4 g6 2. Nf3 Bg7 3. Bf4 d6 4. e3 Nd7 5. h3 e5 6. Bh2 Qe7 7. Be2 Ngf6 8. 0-0 0-0 9. c4 e4 10. Nfd2 c5 11. Nb3 Rd8 12. Nc3 Nb6 13. Qc2 cxd4 14. Nxd4 a6 15. Rac1 Ra7 16. Rfd1 Bd7 17. Qb3 Nc8 18. Nd5 Nxd5 19. cxd5 Be5 20. Rc7 Ba4 21. Qc3 Bxh2+ 22. Kxh2 Qe5+ 23. Kg1 Ne7 24. Nb3 Qxc3 25. bxc3 Rd7 26. Rxd7 Bxd7 27. c4 b6 28. Nd4 Rc7 29. Rb1 Nc8 30. h4 f5 31. f3 exf3 32. gxf3 Kf7 33. f4 Kf6 34. Kf2 Rc5 35. Rb2 Ra5 36. Ke1 Ke7 37. h5 Kf6 38. hxg6 hxg6 39. Bf1 Ra4 40. Kf2 Ra3 41. Kf3 Ba4 42. Ne6 Rc3 43. Rh2 Bd1+ 44. Be2 Bxe2+ 45. Rxe2 Rxc4 46. Rh2 Ne7 47. Rh7 Nxd5 48. Nf8 Rc8 49. Rd7 Rxf8 50. Rxd6+ Ke7 51. Rxd5 Rd8 52. Re5+ Kf7 53. Ke2 Rh8 54. a4 Rh2+ 55. Kf3 Ra2 56. e4 Ra3+ 0-1

[Event "Sibiria Region-ch"]
[Site "Novosibirsk"]
[Date "2003.??.??"]
[Round "2"]
[White "Kalashnikov, Konstantin"]
[Black "Roppel, Konstantin"]
[Result "1-0"]
[WhiteElo "2384"]
[BlackElo "2295"]
[PlyCount "82"]
[EventDate "2003.05.??"]
[EventType "swiss"]
[EventRounds "9"]
[EventCountry "RUS"]
[SourceTitle "EXT 2008"]
[Source "ChessBase"]
[SourceDate "2007.11.25"]
[SourceVersion "1"]
[SourceVersionDate "2007.11.25"]
[SourceQuality "1"]

1. b4 e5 2. Bb2 f6 3. b5 d5 4. e3 Bd6 5. Nf3 Ne7 6. Be2 0-0 7. d4 e4 8. Nfd2 Be6 9. c4 c6 10. a4 f5 11. g3 g5 12. Rg1 Ng6 13. Qb3 Nd7 14. Nc3 Nf6 15. a5 a6 16. b6 Qd7 17. h4 h6 18. hxg5 hxg5 19. Ba3 Kg7 20. 0-0-0 Rh8 21. Rh1 f4 22. gxf4 gxf4 23. Bxd6 Qxd6 24. c5 Qd7 25. exf4 Nxf4 26. Rdg1+ Kf7 27. Bf1 Rae8 28. Nd1 Bh3 29. Qe3 Qf5 30. Bxh3 Rxh3 31. Rxh3 Nxh3 32. Rh1 Nf4 33. Nf1 Ng4 34. Qd2 Rg8 35. Ng3 Qg5 36. Kc2 Rg7 37. Nf1 Qf6 38. Ng3 Nd3 39. Nh5 Qf3 40. Nxg7 Qxh1 41. Nf5 Ke6 1-0

[Event "RUS-ch54 sf Sibiria"]
[Site "Novosibirsk"]
[Date "2001.04.??"]
[Round "5"]
[White "Petrukhin, Denis"]
[Black "Roppel, Konstantin"]
[Result "1/2-1/2"]
[WhiteElo "2200"]
[BlackElo "2314"]
[PlyCount "75"]
[EventDate "2001.04.19"]
[EventType "swiss"]
[EventRounds "9"]
[EventCountry "RUS"]
[SourceTitle "CBM 082 Extra"]
[Source "ChessBase"]
[SourceDate "2001.07.03"]
[SourceVersion "1"]
[SourceVersionDate "2001.07.03"]
[SourceQuality "1"]

1. e4 c6 2. d4 d5 3. Nd2 g6 4. e5 h5 5. Ngf3 Bg4 6. h3 Bxf3 7. Nxf3 e6 8. Bd3 c5 9. c3 Nc6 10. Qb3 Qc7 11. Bb5 a6 12. Qa4 Rc8 13. Bxc6+ Qxc6 14. Qxc6+ Rxc6 15. Be3 Bh6 16. Kd2 Bxe3+ 17. fxe3 h4 18. a4 Ne7 19. Ne1 Nf5 20. Nd3 cxd4 21. exd4 Rh5 22. Nc5 Rg5 23. Rhg1 Rg3 24. a5 Rc7 25. Rae1 Kd8 26. Re2 Kc8 27. Ra1 Rg5 28. Rf2 Ng3 29. Rf4 Nf5 30. Rf2 Rg3 31. Re2 g5 32. Ra4 g4 33. hxg4 Rxg4 34. Rb4 Ng3 35. Rf2 Nf5 36. Re2 Ne7 37. Rb6 Nf5 38. Rb4 1/2-1/2

[Event "RUS-ch sf"]
[Site "Novosibirsk"]
[Date "1998.??.??"]
[Round "?"]
[White "Roppel, Konstantin"]
[Black "Akselrod, Vladislav"]
[Result "1-0"]
[WhiteElo "2260"]
[BlackElo "2375"]
[PlyCount "95"]
[EventDate "1998.??.??"]
[EventType "swiss"]
[EventRounds "9"]
[EventCountry "RUS"]
[SourceTitle "EXT 2000"]
[Source "ChessBase"]
[SourceDate "1999.11.16"]
[SourceVersion "1"]
[SourceVersionDate "1999.11.16"]
[SourceQuality "1"]

1. d4 d5 2. Nf3 c6 3. c3 Nf6 4. Bf4 Qb6 5. Qb3 Bf5 6. Nbd2 Nbd7 7. e3 e6 8. Nh4 Qxb3 9. axb3 Bc2 10. Rc1 Bg6 11. h3 Be7 12. Nxg6 hxg6 13. b4 Ne4 14. Bd3 g5 15. Bh2 Nxd2 16. Kxd2 a6 17. f3 0-0 18. e4 Rfe8 19. Rhe1 dxe4 20. Bxe4 Nf6 21. Kc2 a5 22. bxa5 Rxa5 23. Bd3 Nd5 24. Bg3 Rea8 25. Kb3 b5 26. Re4 Nf6 27. Ree1 Nd5 28. Be4 Kf8 29. Rh1 Ke8 30. h4 Kd7 31. Rce1 f5 32. Bxd5 cxd5 33. hxg5 Rc8 34. Ra1 Rxa1 35. Rxa1 b4 36. Ra7+ Ke8 37. g6 bxc3 38. bxc3 Bf6 39. Be5 Bxe5 40. dxe5 Rb8+ 41. Kc2 Rc8 42. Rxg7 Kf8 43. Rh7 Kg8 44. Re7 d4 45. Rxe6 Rxc3+ 46. Kd2 Re3 47. f4 Rg3 48. Rf6 1-0